| 000 | 00000nam##2200000za#4500 |
| 001 | 9.569539 |
| 003 | CaOODSP |
| 005 | 20210624181821 |
| 007 | cr ||||||||||| |
| 008 | 150406|2009||||xxc|||||o f|0| 0 eng|d |
| 040 | |aCaOODSP|beng |
| 043 | |an-cn--- |
| 086 | 1 |aNH18-1/15-2009E-PDF |
| 110 | 2 |aCanada Mortgage and Housing Corporation. |
| 245 | 10|aInnovation in stormwater management in Canada : |h[electronic resource]|bthe way forward / |cJiri Marsalek and Hans Schreier, special issue editors. |
| 246 | 1 |iAt head of title : |aWater quality research journal of Canada, overview of the theme issue |
| 260 | |aOttawa - Ontario : |bCanada Mortgage and Housing Corporation |c[2009]. |
| 300 | |a9p.|breferences, tables |
| 490 | 1 |aResearch report |
| 590 | |a11-06-Supp|b2011-04-14 |
| 720 | 1 |aMarsalek, Jiri |
| 720 | 1 |aSchreier, Hans |
| 775 | 08|tL'innovation en gestion des eaux pluviales au Canada : |w(CaOODSP)9.600634 |
| 830 | #0|aResearch report (Canada Mortgage and Housing Corporation : Online)|w(CaOODSP)9.506068 |
| 856 | 40|ahttp://publications.gc.ca|qPDF|s1.20 MB|uhttps://publications.gc.ca/collections/collection_2011/schl-cmhc/nh18-1/NH18-1-15-2009-eng.pdf |